000 00656nam a2200205Ii 4500
001 3425
003 CO-ViMGA
008 241108s9999||||xx |||||||||||||| ||und||
020 _a9586430006
040 _aCO-ViMGA
_bspa
_erda
_cCO-ViMGA
041 0 _aspa
082 0 4 _a327.86 R382
245 1 0 _aRelaciones diplomáticas de Colombia y la Nueva Granada:
_bTratados y convenios 1811-1856
264 1 _aBogotá, Colombia : Fundación Francisco de Paula Santander, 1993
300 _avolumen
336 _atext
_btxt
_2rdacontent
337 _aunmediated
_bn
_2rdamedia
338 _avolume
_bnc
_2rdacarrier
940 _aidficha_siabuc: 3341. -- ficha_no_siabuc:3425
999 _c48059
_d48059